Η σονάτα του σεληνόφωτος

Αποθηκεύτηκε σε:
Λεπτομέρειες βιβλιογραφικής εγγραφής
Κύριος συγγραφέας: Ρίτσος, Γιάννης, 1909-1990
Μορφή: Βιβλίο
Γλώσσα:Greek
Δημοσίευση: Αθήνα : Κέδρος, 1975
Έκδοση:12η εκδ.
Θέματα:
Ετικέτες: Προσθήκη ετικέτας
Δεν υπάρχουν, Καταχωρήστε ετικέτα πρώτοι!

MARC

LEADER 00000cam a2200000 i 4500
001 1/39580
008 030829s1975 gre d
035 |l 10070650 
040 |a GR-MY-UA  |b gre  |e aacr 
041 0 |a gre 
082 0 |a 889.1 
100 1 |a Ρίτσος, Γιάννης,   |d 1909-1990. 
245 1 2 |a Η σονάτα του σεληνόφωτος /  |c Γιάννης Ρίτσος 
250 |a 12η εκδ. 
260 |a Αθήνα :   |b Κέδρος,   |c 1975 
300 |a 17 σ.;  |b εικ.;  |c 24 εκ. 
500 |a Εξώφυλλο Rene Portogarrero κ' ένα σχέδιο του Βασίλη Βασιλειάδη 
650 0 0 |a Greek poetry. 
852 |a INST  |b SAMOS  |e 20030829  |h 889.1 ΡΙΤ  |p 005300023963  |q 005300023963  |t BK  |y 0 
901 |a BIBL3-2003-3 
970 |a ΧΑΤΖΗΠΑΝΑΓΙΩΤΟΥ  |b ΚΥΡΙΑΚΗ  |z 2003/08/29